| 000 | 00655nam a22002057a 4500 | ||
|---|---|---|---|
| 003 | OSt | ||
| 005 | 20220908234909.0 | ||
| 008 | 220908b |||||||| |||| 00| 0 eng d | ||
| 020 | _a959-218-154-3 | ||
| 040 | _cBiblioteca Lado V | ||
| 082 |
_a861.729.1 _bM385g |
||
| 100 | _aMartinez Shvietsova, Polina | ||
| 245 | _aGotas de Fuego/ | ||
| 260 |
_aLa Habana Cuba _bEditorial Unicornio _c2004 |
||
| 300 |
_a52p. _c12x18cm |
||
| 650 |
_2Tesauro de Arte & Arquitectura _aPOESIA |
||
| 650 |
_2Tesauro de Arte & Arquitectura _aINTROSPECCION |
||
| 650 |
_2Tesauro de Arte & Arquitectura _aCUBA |
||
| 942 |
_2ddc _c1 _h861.729.1 _iM385g _n0 |
||
| 999 |
_c1973 _d1973 |
||